000 00489nam a2200181Ia 4500
001 8894
005 20260306160643.0
008 260306t1960||||xx |||||||||||||| ||spa||
041 _aESP
082 _a371.9
_bH33
100 _aHeck, Arch O.,
_eAUT
245 0 _aLa educación de los niños excepcionales :
_bsus exigencias para los maestros, padres y legisladores
260 _c1960
300 _a587 páginas :
_c24 cm.
650 _aGEN
654 _aCED
942 _cLIB
_dJUS
_fJUS
_2ddc
_n
999 _c8894
_d8894